Вып. 150 : Надежность испытания и эксплуатация высокопроизводительных ЭВМ; Вопросы кибернетики

Podrobná bibliografie
Parent link:Вопросы кибернетики: сборник научных трудов/ Академия наук Узбекской ССР, Научно-издательский совет ; отв. ред. Т. Ф. Бекмуратов. Вып. 150 : Надежность испытания и эксплуатация высокопроизводительных ЭВМ.— , 1966-1991.— 0321-2769
Další autoři: Северцев Н. А. (редактор)
Jazyk:ruština
Vydáno: 1991
Témata:
Médium: MixedMaterials Kniha
KOHA link:https://koha.lib.tpu.ru/cgi-bin/koha/opac-detail.pl?biblionumber=202498

MARC

LEADER 00000nam2a2200000 4500
001 202498
005 20231101225109.0
020 |a RU  |b 81-58317 
035 |a (RuTPU)RU\TPU\book\220660 
090 |a 202498 
100 |a 20111013d1991 k y0rusy5003 ca 
101 0 |a rus 
102 |a UZ 
105 |a y z 000zy 
200 0 |a Вып. 150 : Надежность испытания и эксплуатация высокопроизводительных ЭВМ  |f под ред. Н. А. Северцева 
210 |d 1991 
215 |a 119 с. 
461 1 |0 (RuTPU)RU\TPU\book\169061  |x 0321-2769  |t Вопросы кибернетики  |o сборник научных трудов  |f Академия наук Узбекской ССР, Научно-издательский совет ; отв. ред. Т. Ф. Бекмуратов  |v Вып. 150 : Надежность испытания и эксплуатация высокопроизводительных ЭВМ  |d 1966-1991 
606 1 |a Кибернетика  |2 stltpush  |3 (RuTPU)RU\TPU\subj\39446  |9 59539 
610 1 |a ЭВМ 
610 1 |a надежность 
610 1 |a испытания 
610 1 |a эксплуатация 
610 1 |a высокопроизводительные вычисления 
610 1 |a вычислительные системы 
675 |a 681.5  |z rus  |v 3 
702 1 |a Северцев  |b Н. А.  |4 340 
801 0 |a RU  |b RuMRKP  |c 19950704  |g psbo 
801 1 |a RU  |b 63413507  |c 20111013 
801 2 |a RU  |b 63413507  |c 20170125  |g RCR 
942 |c BK